Polymeric foams: Technology and developments in regulation, process and products (Record no. 158903)

MARC details
000 -LEADER
fixed length control field 00412nam a2200145Ia 4500
008 - FIXED-LENGTH DATA ELEMENTS--GENERAL INFORMATION
fixed length control field 230917s9999||||xx |||||||||||||| ||und||
040 ## - CATALOGING SOURCE
-- 197660
Original cataloging agency VIVEKANANDA LIBRARY
041 ## - Language
-- English
082 ## - DDC NUMBER
Classification number 668.4 L515P
100 ## - MAIN ENTRY--PERSONAL NAME
Personal name Lee, Shau-Tarng
245 #0 - TITLE STATEMENT
Title Polymeric foams: Technology and developments in regulation, process and products
260 ## - PUBLICATION, DISTRIBUTION, ETC. (IMPRINT)
Place of publication, distribution, etc Boca Raton
Name of publisher, distributor, etc CRC Press
Date of publication, distribution, etc 2009
300 ## - PHYSICAL DESCRIPTION
Pages xvii, 307 p.
942 ## - ADDED ENTRY ELEMENTS (KOHA)
Koha item type Books
Holdings
Withdrawn status Lost status Damaged status Not for loan Location (home branch) Sublocation or collection (holding branch) Date acquired Koha issues (times borrowed) Koha full call number Accession No. Koha date last seen Koha item type
        VIVEKANANDA LIBRARY VIVEKANANDA LIBRARY 03/04/2012   668.4 L515P 291670 17/09/2023 Books
© Designed and Maintained by Vivekananda Library, MDU Rohtak